000 00316nam a2200109Ia 4500
005 20251222154434.0
008 251222s9999||||xx |||||||||||||| ||spa||
082 _a330.122/H93
100 _a"Humala Tasso, Ulises"
245 0 _aSubdesarrollo o camino al colapso: Desarrollo del subdesarrollo en el PerĂº
942 _cLIB
999 _c36546
_d36546